| 000 | 00000cam 2200000zi 4500 |
| 001 | 9.960273 |
| 003 | CaOODSP |
| 005 | 20260511145906 |
| 006 | m o d f |
| 007 | cr cn||||||||| |
| 008 | 260224t20262026oncabd ob f000 0 fre d |
| 020 | |a9780660985992 |
| 040 | |aCaOODSP|bfre|erda|cCaOODSP |
| 043 | |an-cn--- |
| 086 | 1 |aFA1-26/2026-1-1F-PDF |
| 110 | 1 |aCanada. |bCommissaire à l'environnement et au développement durable, |eauteur, |eorganisme de publication. |
| 245 | 13|aLa cartographie des zones inondables : |brapport de l'auditeur indépendant. |
| 264 | 1|a[Ottawa] : |bBureau du vérificateur général du Canada = Office of the Auditor General of Canada, |c2026. |
| 264 | 4|c©2026 |
| 300 | |a1 ressource en ligne (v, 33 pages) : |billustrations, graphiques, carte. |
| 336 | |atexte|btxt|2rdacontent/fre |
| 337 | |ainformatique|bc|2rdamedia/fre |
| 338 | |aressource en ligne|bcr|2rdacarrier/fre |
| 490 | 1 |aRapport du commissaire à l'environnement et au développement durable au Parlement du Canada au nom de la vérificatrice générale du Canada, |x2561-1828 |
| 500 | |aPublié aussi en anglais sous le titre : Flood hazard mapping : independent auditor's report. |
| 500 | |aTitre de la couverture. |
| 504 | |aComprend des références bibliographiques. |
| 610 | 16|aCanada. |bRessources naturelles Canada|xAudit. |
| 610 | 16|aCanada. |bEnvironnement et changement climatique Canada|xAudit. |
| 610 | 16|aCanada. |bSécurité publique Canada|xAudit. |
| 650 | 6|aInondations|zCanada|xCartes. |
| 650 | 6|aInondations|xMaîtrise|zCanada. |
| 775 | 08|tFlood hazard mapping : |w(CaOODSP)9.960272 |
| 830 | #0|aRapports de la commissaire à l'environnement et au développement durable au Parlement du Canada.|w(CaOODSP)9.842752 |
| 856 | 40|qPDF|s4.45 Mo|uhttps://publications.gc.ca/collections/collection_2026/bvg-oag/FA1-26-2026-1-1-fra.pdf |
| 856 | 4 |qHTML|sS.O.|uhttps://www.canada.ca/fr/verificateur-general/notre-travail/rapports-daudit/commissaire-environnement-developpement-durable-202605-cartographie-zones-inondables.html |